[Event "24th Open"]
[Site "Pula CRO"]
[Date "2010.06.26"]
[Round "9"]
[White "Mihalincic,T"]
[Black "Doric,D"]
[Result "0-1"]
[WhiteElo "2232"]
[BlackElo "2452"]
[EventDate "2010.06.19"]

1. e4 c5 2. Nf3 Nc6 3. d4 cxd4 4. Nxd4 e6 5. Nc3 Qc7 6. Be3 a6 7. a3 Nf6 8.
Bd3 Nxd4 9. Bxd4 Bc5 10. Bxc5 Qxc5 11. O-O d6 12. Na4 Qc7 13. c4 O-O 14.
Rc1 Bd7 15. Nc3 e5 16. Qd2 Be6 17. Kh1 Rac8 18. b4 Qb6 19. Nd5 Bxd5 20.
exd5 Qd4 21. Qe3 Qxe3 22. fxe3 Rc7 23. e4 b6 24. Rc2 a5 25. bxa5 bxa5 26.
Rb1 Nd7 27. Rcb2 Ra8 28. Kg1 Kf8 29. Kf2 Ke7 30. Ke3 Raa7 31. g3 Nc5 32.
Bc2 Rcb7 33. Rb5 Kd7 34. h3 Kc7 35. Kd2 Rxb5 36. Rxb5 Ra8 37. Kc3 h5 38.
Kd2 h4 39. g4 f6 40. Kc3 Ra7 41. Rb1 Rb7 42. Rf1 Rb8 43. Rf5 Rh8 44. Rf1
Nd7 45. Ba4 Nc5 46. Bc2 Kd7 47. Rb1 Ra8 48. Rf1 Ke7 49. Rb1 Kd7 50. Rb2 Kc7
51. Rb1 Rb8 52. Rf1 Kd7 53. Rf5 Ke7 54. Rh5 Kf7 55. Rf5 g6 56. Rf1 Kg7 57.
Rf2 Rb3+ 58. Bxb3 Nxe4+ 59. Kc2 Nxf2 60. c5 dxc5 61. d6 Kf8 0-1

[Event "24th Open"]
[Site "Pula CRO"]
[Date "2010.06.26"]
[Round "9"]
[White "Wanderer,T"]
[Black "Fodor,T jr"]
[Result "0-1"]
[WhiteElo "2216"]
[BlackElo "2420"]
[EventDate "2010.06.19"]

1. e4 e6 2. d3 c5 3. Nc3 Nc6 4. Nge2 Nge7 5. Be3 d6 6. g3 Rb8 7. Bg2 b5 8.
Qd2 Ng6 9. O-O Be7 10. f4 O-O 11. h4 Re8 12. h5 Nf8 13. g4 b4 14. Nd1 e5
15. f5 h6 16. Nf2 Bf6 17. Nh3 Nh7 18. Kh1 Bb7 19. Neg1 a5 20. c4 Nd4 21.
Bxd4 exd4 22. a4 b3 23. Ra3 Bc6 24. Bf3 Rb4 25. Rfa1 Ng5 26. Bd1 Rxe4 27.
Qg2 Re3 28. Qxc6 Nxh3 29. Bf3 Nf2+ 30. Kg2 Nxd3 31. Ne2 Ne5 0-1

[Event "24th Open"]
[Site "Pula CRO"]
[Date "2010.06.26"]
[Round "9"]
[White "Barle,J"]
[Black "Bykov,Alexe1"]
[Result "1-0"]
[WhiteElo "2404"]
[BlackElo "2255"]
[EventDate "2010.06.19"]

1. e4 e5 2. f4 exf4 3. Nf3 d5 4. exd5 Nf6 5. Bc4 Nxd5 6. O-O Nc6 7. d4 Be6
8. Bb3 Ne3 9. Bxe3 Bxb3 10. Bxf4 Bd5 11. Nc3 Bxf3 12. Qxf3 Qxd4+ 13. Kh1
O-O-O 14. Bxc7 Re8 15. Nd5 Ne5 16. Qf5+ Re6 17. Rad1 Qxb2 18. Rfe1 g6 19.
Bxe5 1-0

[Event "24th Open"]
[Site "Pula CRO"]
[Date "2010.06.26"]
[Round "9"]
[White "Franic,M"]
[Black "Fucak,E"]
[Result "1-0"]
[WhiteElo "2390"]
[BlackElo "2276"]
[EventDate "2010.06.19"]

1. d4 e6 2. c4 f5 3. g3 Nf6 4. Bg2 Be7 5. Nf3 O-O 6. O-O d6 7. b4 Ne4 8.
Bb2 Bf6 9. Qb3 Nc6 10. Rd1 Qe8 11. d5 Nd8 12. dxe6 Bxe6 13. Bxf6 Rxf6 14.
Nc3 c5 15. Nxe4 fxe4 16. Ng5 Bf5 17. bxc5 h6 18. Nh3 Bxh3 19. Bxh3 Qh5 20.
Bg2 Qxc5 21. e3 Qe5 22. Rab1 Kh8 23. Qc2 Rc8 24. Bxe4 b6 25. Bd5 Nf7 26.
Qd3 Qe7 27. f4 g5 28. Qd4 Kg7 29. Rf1 gxf4 30. exf4 Rf8 31. Rfe1 Qc7 32.
Kg2 Qd7 33. Re2 Qg4 34. Re7 h5 35. Rbe1 h4 36. R1e6 h3+ 37. Kf2 Qf5 38. Ke3
1-0

[Event "24th Open"]
[Site "Pula CRO"]
[Date "2010.06.26"]
[Round "9"]
[White "Tutic,R"]
[Black "Bukal,V jr"]
[Result "1/2-1/2"]
[WhiteElo "2195"]
[BlackElo "2388"]
[EventDate "2010.06.19"]

1. e4 e6 2. d3 c5 3. Nf3 Nc6 4. g3 g6 5. Bg2 Bg7 6. O-O Nge7 7. Nc3 d6 8.
Be3 Nd4 9. Ne1 O-O 10. Qd2 Rb8 11. Nd1 e5 12. c3 Ndc6 13. f4 f5 14. fxe5
Nxe5 15. Bh6 fxe4 16. Rxf8+ Qxf8 17. Bxg7 Kxg7 18. d4 Nf3+ 19. Bxf3 exf3
20. dxc5 dxc5 21. Qd6 Nc6 22. Qxf8+ Kxf8 23. Nxf3 Be6 24. Ne3 Rd8 25. Kf2
Kg7 26. Ke2 Ne7 27. Ne5 Nf5 28. N5c4 Re8 29. Nxf5+ Bxf5+ 30. Ne3 Bg4+ 31.
Kd2 Rd8+ 32. Kc2 Bf3 33. Rf1 Be4+ 34. Kc1 Rf8 35. Kd2 Rxf1 36. Nxf1 Kf6 37.
Ke3 Bd5 38. b3 g5 39. Nd2 Kf5 40. Kf2 b5 41. a3 Bf7 42. Ke3 h5 43. Kf2 Be6
44. Ke3 Bf7 45. Kf2 Kg4 46. b4 cxb4 47. axb4 Bd5 48. Nf1 Kh3 49. Kg1 Be6
1/2-1/2

[Event "24th Open"]
[Site "Pula CRO"]
[Date "2010.06.26"]
[Round "9"]
[White "Bellia,F"]
[Black "Nordenbaek,J"]
[Result "0-1"]
[WhiteElo "2373"]
[BlackElo "2215"]
[EventDate "2010.06.19"]

1. e4 c5 2. Nf3 Nc6 3. d4 cxd4 4. Nxd4 Nf6 5. Nc3 e5 6. Ndb5 d6 7. Bg5 a6
8. Na3 b5 9. Nd5 Be7 10. Bxf6 Bxf6 11. c4 Bg5 12. cxb5 Nd4 13. b6 O-O 14.
Bd3 Bb7 15. Nc4 Rc8 16. O-O f5 17. b3 Rc5 18. Nce3 f4 19. b4 Rc8 20. Nc2 f3
21. Nxd4 exd4 22. g3 Bxd5 23. exd5 Qxb6 24. Rb1 Rc3 25. Re1 g6 26. a4 Qb7
27. Be4 Be3 28. Bd3 Qxd5 29. Rf1 Qe6 30. Rb2 Bc1 0-1

[Event "24th Open"]
[Site "Pula CRO"]
[Date "2010.06.26"]
[Round "9"]
[White "Sklyarov,D"]
[Black "Zelic,Ml"]
[Result "1-0"]
[WhiteElo "2373"]
[BlackElo "2309"]
[EventDate "2010.06.19"]

1. b3 e5 2. Bb2 Nc6 3. Nf3 d6 4. d4 g6 5. dxe5 Bg7 6. e3 Bd7 7. Nbd2 Nxe5
8. Nxe5 dxe5 9. Nc4 Qe7 10. Qd5 Bc6 11. Qa5 b6 12. Qc3 Bb7 13. O-O-O f6 14.
Ba3 Qe6 15. Na5 bxa5 16. Qxc7 Rc8 17. Bb5+ Bc6 18. Bxc6+ Qxc6 19. Rd8+ Rxd8
20. Qxc6+ 1-0

[Event "24th Open"]
[Site "Pula CRO"]
[Date "2010.06.26"]
[Round "9"]
[White "Molnar,Be"]
[Black "Kolesar,Mil"]
[Result "1-0"]
[WhiteElo "2340"]
[BlackElo "2173"]
[EventDate "2010.06.19"]

1. e4 c5 2. Nf3 d6 3. d4 cxd4 4. Nxd4 Nf6 5. Nc3 Nc6 6. Bc4 Qb6 7. Nb3 e6
8. Bf4 Ne5 9. Be2 a6 10. Be3 Qc7 11. f4 Nc4 12. Bxc4 Qxc4 13. Qf3 e5 14. f5
b5 15. O-O-O b4 16. Nd5 Nxd5 17. exd5 a5 18. Kb1 Be7 19. Nd2 Qb5 20. g4 Bb7
21. Ne4 f6 22. g5 O-O-O 23. c4 bxc3 24. Nxc3 Qb4 25. Rhg1 Ba6 26. Rg4 Qb7
27. Ra4 Kd7 28. gxf6 gxf6 29. Rxa5 Rb8 30. Bc1 Rhc8 31. b3 Bc4 32. Ra3 Ra8
33. Rxa8 Rxa8 34. Bb2 Ba6 35. Rg1 Qb6 36. Rg7 Qd4 37. a4 Qd3+ 38. Qxd3
Bxd3+ 39. Ka2 Bxf5 40. Nb5 Ra6 41. Ba3 Bd3 42. Nc3 Ke8 43. b4 Kf8 44. Rg3
Bc2 45. b5 Ra8 46. b6 f5 47. Nb5 f4 48. Rc3 Be4 49. Bxd6 Rxa4+ 50. Kb3 Ra6
51. Rc8+ Kf7 52. Rc7 Bxd5+ 53. Kb4 Rxb6 54. Rxe7+ Kf6 55. Kc5 Rb7 56. Nc7
Bg2 57. Rxe5 f3 58. Nd5+ Kf7 59. Rf5+ Kg6 60. Rf6+ 1-0

[Event "24th Open"]
[Site "Pula CRO"]
[Date "2010.06.26"]
[Round "9"]
[White "Lizak,P"]
[Black "Ernst,M"]
[Result "1/2-1/2"]
[WhiteElo "2335"]
[BlackElo "2150"]
[EventDate "2010.06.19"]

1. Nf3 Nf6 2. c4 e6 3. g3 d5 4. Bg2 Be7 5. O-O O-O 6. b3 b6 7. Bb2 Bb7 8.
cxd5 Nxd5 9. Nc3 Nxc3 10. Bxc3 Nd7 11. Qc2 c5 12. Rfd1 Bf6 13. d4 Qe7 14.
Ng5 Bxg5 15. Bxb7 Rab8 16. Bg2 Rbc8 17. d5 Bf6 18. Bh3 Bxc3 19. Qxc3 exd5
20. Rxd5 Rcd8 21. Rad1 Nf6 22. Rxd8 Rxd8 23. Rxd8+ Qxd8 24. Qe5 Qd1+ 25.
Bf1 Qd8 26. e3 Kf8 27. Bc4 Qd7 28. h3 h6 29. g4 Ne8 30. Kg2 Qc7 31. Qd5 Nd6
32. Qa8+ Ke7 33. Bd5 b5 34. e4 c4 35. bxc4 bxc4 36. e5 Nc8 37. Qc6 Qxc6 38.
Bxc6 f6 39. exf6+ Kxf6 40. f4 Ke6 41. Kf3 Kd6 42. Be4 Kc5 43. Ke3 Ne7 44.
g5 Nd5+ 45. Kf3 Kd4 46. h4 c3 47. f5 hxg5 48. hxg5 Ke5 49. a3 Ne7 50. f6
gxf6 51. gxf6 Kxf6 52. Ke3 Ke5 53. Bc2 Nd5+ 54. Kd3 1/2-1/2

[Event "24th Open"]
[Site "Pula CRO"]
[Date "2010.06.26"]
[Round "9"]
[White "Sandhu,M"]
[Black "Elenius,E"]
[Result "1-0"]
[WhiteElo "2324"]
[BlackElo "2110"]
[EventDate "2010.06.19"]

1. Nf3 c5 2. c4 Nf6 3. Nc3 g6 4. g3 Bg7 5. Bg2 O-O 6. O-O d6 7. d4 cxd4 8.
Nxd4 a6 9. b3 Nfd7 10. Bb2 Ne5 11. Qd2 Nbc6 12. Nc2 Bf5 13. Ne3 Bc8 14. h3
f5 15. f4 Nf7 16. Rad1 Rb8 17. Kh2 Qa5 18. a3 Qd8 19. b4 e6 20. Na4 Bd7 21.
Bxg7 Kxg7 22. c5 d5 23. Nb6 Ne7 24. Qb2+ Kh6 25. g4 g5 26. Nxd7 Qxd7 27.
Qf6+ Ng6 28. gxf5 Qe7 29. Ng4+ Kh5 30. fxg6 Qxf6 31. Nxf6+ Kxg6 32. Nd7 1-0

[Event "24th Open"]
[Site "Pula CRO"]
[Date "2010.06.26"]
[Round "9"]
[White "Berke,A"]
[Black "Doric,N"]
[Result "0-1"]
[WhiteElo "2140"]
[BlackElo "2320"]
[EventDate "2010.06.19"]

1. e4 c5 2. Nf3 d6 3. d4 cxd4 4. Qxd4 Nf6 5. Nc3 Bd7 6. Be3 Nc6 7. Qd2 a6
8. O-O-O b5 9. Bd3 e6 10. Nd4 Be7 11. Nxc6 Bxc6 12. f3 Nd7 13. Ne2 O-O 14.
g4 d5 15. Ng3 Ne5 16. Nh5 d4 17. Bf4 Nxf3 18. Qe2 Nh4 19. Kb1 Ng6 20. Bc1
Bg5 21. h4 Bxc1 22. Rxc1 Qd6 23. Rcg1 Qe5 24. g5 b4 25. Nf6+ gxf6 26. Qh5
f5 27. exf5 exf5 28. Qh6 Bxh1 29. Rxh1 Rfe8 30. b3 Qg7 31. Qh5 Nf4 0-1

[Event "24th Open"]
[Site "Pula CRO"]
[Date "2010.06.26"]
[Round "9"]
[White "Osmanovic,F"]
[Black "Wiedner,R"]
[Result "1-0"]
[WhiteElo "2093"]
[BlackElo "2197"]
[EventDate "2010.06.19"]

1. e4 c5 2. Nf3 e6 3. d4 cxd4 4. Nxd4 Nc6 5. Nc3 a6 6. Be2 Qc7 7. O-O Nf6
8. Be3 b5 9. Nxc6 dxc6 10. a3 Bd6 11. f4 e5 12. f5 Nd7 13. Qd2 Bc5 14. Kh1
Bxe3 15. Qxe3 O-O 16. Rad1 Qa7 17. Qd2 Qc5 18. Rf3 Ra7 19. Qg5 f6 20. Qh5
Qe7 21. Rh3 h6 22. Qg6 Kh8 23. Rdd3 Rf7 24. Bh5 Rf8 25. Rdg3 Rg8 26. Be2
Qf8 27. Rh4 Nb6 28. Rgh3 1-0

[Event "24th Open"]
[Site "Pula CRO"]
[Date "2010.06.26"]
[Round "9"]
[White "Hamitevici,V"]
[Black "Raljic,M"]
[Result "1-0"]
[WhiteElo "2421"]
[BlackElo "2166"]
[EventDate "2010.06.19"]

1. d4 Nf6 2. c4 g6 3. g3 Bg7 4. Bg2 O-O 5. Nc3 d6 6. Nf3 Nc6 7. O-O a6 8.
h3 Rb8 9. e4 e5 10. d5 Ne7 11. Ne1 Nd7 12. Nd3 f5 13. f3 Kh8 14. b4 b6 15.
a4 c5 16. dxc6 Nxc6 17. Nd5 Nd4 18. Be3 a5 19. Rb1 Ba6 20. b5 Bc8 21. Bxd4
exd4 22. exf5 Rxf5 23. f4 Nc5 24. Re1 Rf7 25. Rb2 Bf5 26. Nxc5 dxc5 27.
Rbe2 d3 28. Re7 Rxe7 29. Rxe7 Bd4+ 30. Kf1 Qd6 31. Qe1 Bd7 32. Qe4 Bf5 33.
Re8+ Rxe8 34. Qxe8+ Kg7 35. Qc6 Qd8 36. Qc7+ Qxc7 37. Nxc7 Bf6 38. g4 d2
39. Ke2 Bc2 40. Kxd2 Bxa4 41. Nd5 Bd8 42. Bf1 Bb3 43. Be2 h6 44. Kc3 a4 45.
Bd3 Bd1 46. Bc2 Bf3 47. Bxa4 Bg2 48. Bd1 Bxh3 49. Bf3 Kf7 50. Kd2 Ke6 51.
Ke2 Kd6 52. Kd2 Ke6 53. f5+ Kf7 54. fxg6+ Kg7 55. Ke2 Kg8 56. Nf4 1-0

[Event "24th Open"]
[Site "Pula CRO"]
[Date "2010.06.26"]
[Round "9"]
[White "Rubil,M"]
[Black "Praznik,N"]
[Result "1-0"]
[WhiteElo "2163"]
[BlackElo "2354"]
[EventDate "2010.06.19"]

1. e4 e6 2. d4 d5 3. e5 c5 4. c3 Nc6 5. Nf3 Bd7 6. Be2 Nge7 7. Na3 Nf5 8.
Nc2 cxd4 9. cxd4 Qa5+ 10. Bd2 Qb6 11. Bc3 Be7 12. O-O a5 13. Ne3 Nxe3 14.
fxe3 f6 15. exf6 Bxf6 16. Bd3 O-O 17. Rc1 Ne7 18. Qe2 Be8 19. Ne5 Bxe5 20.
Bxh7+ Kxh7 21. Rxf8 g6 22. dxe5 Bb5 23. Rf7+ Kg8 24. Qf2 Nf5 25. Bd4 Qd8
26. Rf6 Rc8 27. Qd2 Kg7 28. Rxc8 Qxc8 29. Qc3 Qxc3 30. Bxc3 Bd7 31. Kf2 a4
32. Kf3 Ne7 33. Kg4 Ng8 34. Rf4 Nh6+ 35. Kf3 Nf5 36. Rb4 Bc6 37. Kf2 Kh6
38. b3 axb3 39. Rxb3 Kg5 40. Bd2 Kh5 41. Rb4 Nh6 42. h3 Nf7 43. g3 Nxe5 44.
Rh4+ Kg5 45. e4+ Kf6 46. Bc3 1-0

[Event "24th Open"]
[Site "Pula CRO"]
[Date "2010.06.26"]
[Round "9"]
[White "Balazs,G2"]
[Black "Kopinits,A"]
[Result "1/2-1/2"]
[WhiteElo "2352"]
[BlackElo "2158"]
[EventDate "2010.06.19"]

1. d4 Nf6 2. c4 e6 3. Nc3 Bb4 4. Qc2 d5 5. a3 Bxc3+ 6. Qxc3 Ne4 7. Qc2 c5
8. dxc5 Nc6 9. cxd5 exd5 10. e3 Qa5+ 11. b4 Nxb4 12. axb4 Qxa1 13. Bb5+ Kf8
14. Ne2 a6 15. Bd3 Bd7 16. f3 Ba4 17. Qb2 Qxb2 18. Bxb2 Ng5 19. Nd4 Ne6 20.
Nf5 Bb5 21. Kd2 Bxd3 22. Kxd3 f6 23. Ra1 Nc7 24. g4 Nb5 25. g5 Kf7 26. gxf6
gxf6 27. Rg1 Ke6 28. Ng7+ Kf7 29. Nf5 Ke6 30. Ng7+ Kf7 31. Nf5 Ke6 1/2-1/2

[Event "24th Open"]
[Site "Pula CRO"]
[Date "2010.06.26"]
[Round "9"]
[White "Myhrvold,R"]
[Black "Orak,L"]
[Result "0-1"]
[WhiteElo "2152"]
[BlackElo "2343"]
[EventDate "2010.06.19"]

1. e4 c5 2. c3 d5 3. exd5 Qxd5 4. d4 Nf6 5. Nf3 e6 6. Bd3 Be7 7. O-O O-O 8.
Be3 Rd8 9. Qe2 cxd4 10. cxd4 Nc6 11. Nc3 Qh5 12. Rac1 Bd7 13. a3 Rac8 14.
Rfd1 Nd5 15. Ne4 Nxe3 16. fxe3 Be8 17. b4 a5 18. Nc5 b6 19. Nb7 Rd7 20. Ne5
Qxe2 21. Bxe2 Rdc7 22. Rb1 axb4 23. axb4 Nxe5 24. dxe5 Rxb7 25. Ba6 Rbb8
26. Bxc8 Rxc8 27. Kf2 g6 28. b5 Kg7 29. Rbc1 Bc5 30. Rd6 Ra8 31. Rxc5 bxc5
32. b6 Rb8 33. Ke2 Bb5+ 34. Kd2 Bf1 35. g3 Kf8 36. Kc3 Ke7 37. Rc6 Bg2 38.
Rc7+ Ke8 39. Kc4 Rxb6 40. Kxc5 Ra6 41. Rc8+ Ke7 42. Rc7+ Kf8 0-1

[Event "24th Open"]
[Site "Pula CRO"]
[Date "2010.06.26"]
[Round "9"]
[White "Djurovic,G"]
[Black "Saradjen,J"]
[Result "1-0"]
[WhiteElo "2318"]
[BlackElo "2140"]
[EventDate "2010.06.19"]

1. Nf3 g6 2. d4 Bg7 3. e4 d6 4. Bc4 h6 5. h3 Nc6 6. O-O Bd7 7. a4 e5 8.
dxe5 Nxe5 9. Nxe5 dxe5 10. Qd5 Be6 11. Qxb7 Rb8 12. Bb5+ Kf8 13. Qxa7 Ne7
14. Qc5 Kg8 15. Nd2 Kh7 16. Bc4 Qd7 17. Bxe6 Qxe6 18. Qc4 Qf6 19. Ra3 Rhf8
20. Rf3 Qd6 21. Rxf7 Rb4 22. Qa2 Rxf7 23. Qxf7 Rxa4 24. Nc4 Qf6 25. Qxf6
Bxf6 26. b3 Ra2 27. Bb2 Nc6 28. Ra1 Rxa1+ 29. Bxa1 Nb4 30. Ne3 Kg7 31. Bc3
Nc6 32. Nd5 Bd8 33. f4 Kf7 34. fxe5 g5 35. Nb4 Ne7 36. Nd3 Ng6 37. Kf2 c6
38. Bd4 Be7 39. g3 Ke6 40. Kf3 h5 41. g4 h4 42. b4 Kd7 43. c4 Nf8 44. Nc5+
Bxc5 45. Bxc5 Ne6 46. Be3 Ke7 47. Ke2 Kd7 48. Kd3 Kc7 49. c5 Kd7 50. Kc4
Kc7 51. Bd2 Kd7 52. Bc1 Kc7 53. Be3 Kd7 54. b5 cxb5+ 55. Kxb5 Kc7 56. c6
Nf4 57. Bxf4 gxf4 58. Kc4 Kxc6 59. Kd3 Kd7 60. g5 1-0

[Event "24th Open"]
[Site "Pula CRO"]
[Date "2010.06.26"]
[Round "9"]
[White "Radovic,St"]
[Black "Hess,C1"]
[Result "1/2-1/2"]
[WhiteElo "2161"]
[BlackElo "2303"]
[EventDate "2010.06.19"]

1. Nf3 c5 2. c4 Nc6 3. Nc3 e5 4. g3 g6 5. Bg2 Bg7 6. O-O d6 7. d3 Nge7 8.
Bg5 f6 9. Bd2 Be6 10. a3 O-O 11. Rb1 a5 12. Ne1 Rb8 13. Nc2 d5 14. cxd5
Nxd5 15. Nxd5 Bxd5 16. b4 cxb4 17. axb4 Bxg2 18. Kxg2 Qd5+ 19. Kg1 axb4 20.
Nxb4 Nxb4 21. Rxb4 Rfc8 22. Qb1 b5 23. Qb2 Bf8 24. Rb3 Rc7 25. Rc1 Rxc1+
26. Bxc1 Bc5 1/2-1/2